Estudios comparativos de tres castillos del morro en El Caribe /

שמור ב:
מידע ביבליוגרפי
מחבר ראשי: Blanes Martín, Tamara, 1946-
פורמט: לא ידוע
נושאים:
תגים: הוספת תג
אין תגיות, היה/י הראשונ/ה לתייג את הרשומה!

MARC

LEADER 000000000a22000000004500
001 005569
100 1 |a Blanes Martín, Tamara,   |d 1946- 
245 1 0 |a Estudios comparativos de tres castillos del morro en El Caribe /   |c Tamara Blanes Martín. 
310 |a trimestral 
650 4 |a COLONIZACIÓN 
650 4 |a REGIÓN DEL CARIBE 
650 4 |a SIGLO XVIII 
650 4 |a LA HABANA, (CUBA) CASTILLO DEL MORO 
650 4 |a CUBA 
650 4 |a SANTIAGO (CUBA) 
650 4 |a SAN JUAN (PUERTO RICO) 
650 4 |a POLÍTICA ESPANDINISTA INGLESA 
773 0 |d Cuba : Casa del Caribe  |t Revista Del Caribe  |g volumen 3, número 7 (1987), páginas 64-74 
942 |c ARC 
999 |c 12341  |d 12341